| 000 | 00902nam a2200229Ii 4500 | ||
|---|---|---|---|
| 003 | JO-AjNU | ||
| 008 | 230605s9999||||xx |||||||||||||| ||und|| | ||
| 017 | _a9957-16-379-2 | ||
| 020 | _a9957-16-379-2 | ||
| 040 |
_aJO-AjNU _bara _erda _cJO-AjNU |
||
| 041 | _aara | ||
| 050 | 1 | 4 | _aKMM272.K3691.2008 |
| 100 | 3 |
_aكنعان ، نواف, _eauthor _925714 |
|
| 245 | 0 | 0 | _aمبادئ القانون الإداري : ماهية القانون الإداري ، التنظيم الإداري ، النشاط الإداري، الكتاب الأول |
| 250 | _aط1 | ||
| 264 | 3 | 1 | _aعمان : دار الثقافة ، 2008 |
| 300 | _aالكتاب الاول، 365ص | ||
| 336 |
_atext _btxt _2rdacontent |
||
| 337 |
_aunmediated _bn _2rdamedia |
||
| 338 |
_avolume _bnc _2rdacarrier |
||
| 650 | 4 |
_aالقانون الإداري -- القرارات الإدارية -- الخدمة المدنية _925715 |
|
| 999 |
_aA9653 _c13221 _d13221 |
||